| 000 | 00824nam a22002777a 4500 | ||
|---|---|---|---|
| 001 | 9479 | ||
| 003 | FISKH | ||
| 005 | 20260114094649.0 | ||
| 008 | 260114b cb ||||| |||| 00| 0 eng d | ||
| 020 | _a9781592497850 | ||
| 040 |
_aFISKH _beng _cFISKH _dFISKH |
||
| 050 | _aPZ7.G14228 B | ||
| 082 | _a419 | ||
| 100 |
_aGalvin, Laura Gates _eAuthor |
||
| 245 |
_aBaby polar bear learns to swim / _cby Laura Gates Galvin |
||
| 260 |
_aNorwalk : _bSoundprints , _c2008 |
||
| 300 |
_a14 unnumbered pages : _bcolor illustrations ; _c19 cm |
||
| 505 | _aC | ||
| 520 | _aBaby Polar Bear's mother gives him his first swimming lesson. | ||
| 521 | 8 |
_a100
_bLexile estimate |
|
| 521 | 8 |
_aC
_bRaz-Plus |
|
| 650 |
_aAnimal _vPolar bear |
||
| 650 |
_aEngaging stories _vEveryday lives |
||
| 942 |
_2ddc _cBK _n0 |
||
| 999 |
_c9479 _d9479 |
||